000 00480cam a2200181ua 4500
001 12039
008 200210n ii |||gr||||Z||||||eng
020 _a9789382267027
040 _cMAIN
041 _aeng
082 _a820.954
100 _aAnand Prakash,
_eEditor.
245 _aInterventions :
_bIndian writing in English /
_cEd. by Anand Prakash .
260 _aDelhi:
_bWorldview,
_c2020.
300 _a151p.
653 _aEnglish.& Old English literatures
942 _cBK
999 _c10823
_d10823